[Event "XXVII RUS-chT Premier 2020"]
[Site "Sochi"]
[Date "2020.11.23"]
[Round "5.9"]
[White "Usmanov, Vasily"]
[Black "Nozdrachev, Leonid"]
[Result "1-0"]
[WhiteElo "2442"]
[BlackElo "2391"]
[Annotator "TA"]
[PlyCount "77"]
[EventDate "2020.11.19"]
[EventType "team-tourn"]
[EventCountry "RUS"]
[SourceTitle "playchess.com"]
[Source "ChessBase"]
[SourceQuality "1"]

{[%evp 14,77,25,29,30,24,22,38,40,25,35,42,47,17,17,12,89,106,106,23,137,114,123,107,257,244,244,252,260,241,248,265,252,246,271,247,336,299,311,318,403,385,692,730,745,754,736,644,697,683,623,584,738,769,701,749,720,707,1470,1000,29975,29976,6427,6541,29987,29988]} 1. c4 e6 2. Nf3 Nf6 3. g3 d5 4. Bg2 Be7 5. O-O O-O 6. d4 dxc4 7. Ne5 c5 8. dxc5 Qc7 {The main line 8...Qc7 scores better than 8...Bxc5. E05: Open Catalan: 5 Nf3 Be7.} 9. Nxc4 Rd8 10. Qb3 Nc6 {White is slightly better.} 11. Be3 {Threatens to win with Nc3.} Nd4 12. Bxd4 Rxd4 13. Nba3 {aiming for Nb5.} Qxc5 14. Rac1 {[#]} Qh5 $146 (14... Rd8 $11) ({Predecessor:} 14... Rd8 15. Qb5 Rb8 16. Qxc5 Bxc5 17. Na5 Bb6 18. N5c4 Bc5 19. Na5 Bb6 20. N5c4 {½-½ (20) Mchedlishvili,M (2607)-Kovalev,V (2664) Batumi 2018}) 15. Nb5 $16 Rd8 {[#]} 16. Bf3 (16. Nc7 $1 $16 {[%cal Rc7a8]} Rb8 {[#]} 17. Na6 $1 {[%mdl 576] Pin}) 16... Qh3 (16... Qc5 $1 $11 {keeps the balance.}) 17. Ne5 Bd7 18. Rfd1 $36 {[%mdl 2048] Black is under strong pressure.} a6 {Loses the game.} (18... Qf5 $16 {was called for.} 19. Nxd7 Nxd7) 19. Nd6 $18 Bxd6 20. Rxd6 Bc6 21. Rxd8+ (21. Nxc6 $6 bxc6 22. Rxd8+ (22. Rcxc6 Ng4 $18) (22. Rdxc6 h5 $16) 22... Rxd8 $18) (21. Bxc6 Rxd6 22. Qxb7 Rf8 $11) 21... Rxd8 22. Nxc6 bxc6 {[#]} 23. Qb6 $1 {[%mdl 512]} Re8 24. Qxa6 e5 25. e4 ({Weaker is} 25. Rxc6 e4 $18) ({Don't do} 25. Bxc6 Rb8 $18) 25... h5 26. Qxc6 ({Much less strong is} 26. Rxc6 Ng4 $18) 26... h4 27. a4 Re6 $2 (27... Rb8 28. a5 Rxb2) 28. Qc8+ Kh7 29. Rc6 Ng4 30. Bxg4 Qxg4 31. Rxe6 fxe6 {[%mdl 4096] Endgame KQ-KQ} 32. Qc4 Qf3 33. a5 g5 34. Qc7+ Kg6 35. Qxe5 Qd1+ 36. Kg2 g4 37. Qxe6+ Kg7 38. Qe5+ Kg8 39. Qd5+ {Weighted Error Value: White=0.10/Black=0.51} 1-0

[Event "XXVII RUS-chT Premier 2020"]
[Site "Sochi"]
[Date "2020.11.23"]
[Round "5.10"]
[White "Smirnov, Timofey"]
[Black "Pershin, Denis"]
[Result "1/2-1/2"]
[WhiteElo "2394"]
[BlackElo "2387"]
[Annotator "TA"]
[PlyCount "82"]
[EventDate "2020.11.19"]
[EventType "team-tourn"]
[EventCountry "RUS"]
[SourceTitle "playchess.com"]
[Source "ChessBase"]
[SourceQuality "1"]

{[%evp 13,82,22,51,53,95,19,12,14,21,10,23,21,18,0,4,7,4,5,8,8,8,6,22,-48,-37,-26,-18,-52,-58,-47,-54,-59,-6,-8,0,0,0,-60,-59,-66,-65,-65,-65,-65,-65,-65,-65,-65,-65,-64,-67,-69,-19,-16,0,0,0,0,0,0,0,0,0,0,0,0,0,0,8,8,8]} 1. e4 c6 2. d4 d5 3. e5 Bf5 4. Nf3 e6 5. Be2 c5 6. Be3 Qb6 $1 {[%mdl 4] is more profitable than 6...cxd4 at the moment.} 7. Nc3 Nc6 8. O-O {B12: Caro-Kann: Advance Variation.} Qxb2 9. Qe1 (9. Nb5 $16 Rd8 10. dxc5 Qxc2 11. Qxc2 Bxc2 12. Nfd4) 9... cxd4 $11 10. Bxd4 Nxd4 ({But not} 10... Qxc2 $2 11. Rc1 $18) (10... Bxc2 $2 11. Nb5 $18) 11. Nxd4 Bb4 12. Ndb5 Ba5 13. Rb1 Qxc2 14. Rc1 Qb2 15. Na4 Bxe1 ({Not} 15... Qxe5 $2 16. Qxa5 Rd8 17. Rfe1 $18) 16. Nxb2 Ba5 17. Nd6+ Kf8 18. Nxb7 (18. Nxf5 $11 exf5 19. Rc5 {[%mdl 64] Double Attack}) 18... Bb6 $15 {[#]} 19. Na4 $146 ({Predecessor:} 19. g4 Be4 20. Na4 Ne7 21. Nxb6 axb6 22. f3 Bg6 23. Nd6 h5 24. h3 Rxa2 25. Rf2 {1-0 (94) Pancevski,F (2500)-Andonovski,L (2276) Skopje 2019}) 19... g5 20. g4 Bg6 21. Nxb6 axb6 22. f4 Ne7 (22... gxf4 $1 $15 23. Rxf4 Rxa2) 23. Nd6 {[#] Strongly threatening f5.} gxf4 24. Rxf4 Rxa2 25. Bd3 (25. Rcf1 $11) 25... Ra7 $1 26. Rcf1 {next Bxg6 is good for White.} Kg7 ({Worse is} 26... Bxd3 27. Rxf7+ Kg8 28. Rf8+ Kg7 29. R1f7+ Kh6 30. Rxh8 $16) 27. Bxg6 Nxg6 28. Rxf7+ Rxf7 29. Rxf7+ {[%mdl 4096] Endgame KRN-KRN} Kh6 $1 30. Rf6 {Nf7+ is the strong threat.} Rf8 {White must now prevent ...Rxf6.} 31. Rxe6 {aiming for h4.} Kg5 32. Nf5 Kxg4 33. Ne3+ {[%mdl 64] [#] Double Attack. The position is equal.} Kg5 {Threatens to win with ...d4.} 34. Nxd5 Kf5 35. Rxb6 Kxe5 36. Ne3 Rf7 37. Ng4+ Kf4 38. Rf6+ Rxf6 39. Nxf6 Ne5 40. Nxh7 Nf3+ 41. Kg2 Nxh2 {Weighted Error Value: White=0.14/Black=0.07} 1/2-1/2

[Event "XXVII RUS-chT Premier 2020"]
[Site "Sochi"]
[Date "2020.11.23"]
[Round "5.11"]
[White "Timerkhanov, Alexander"]
[Black "Tsoi, Dmitry"]
[Result "1/2-1/2"]
[WhiteElo "2379"]
[BlackElo "2315"]
[Annotator "TA"]
[PlyCount "81"]
[EventDate "2020.11.19"]
[EventType "team-tourn"]
[EventCountry "RUS"]
[SourceTitle "playchess.com"]
[Source "ChessBase"]
[SourceQuality "1"]

{[%evp 9,81,41,54,30,40,33,33,32,50,18,18,18,31,18,14,15,14,17,0,0,0,0,56,52,55,43,67,33,61,0,27,0,0,0,0,0,0,0,0,0,0,0,0,0,0,0,0,0,0,0,109,112,105,129,163,244,214,0,0,0,0,0,0,0,0,0,0,0,0,0,0,0,0,0]} 1. d4 e6 2. c4 f5 3. Nc3 Nf6 4. Qc2 d5 5. Nf3 Bd6 {[#]} 6. c5 $146 {A85: Dutch Defence: 2 c4 Nf6 3 Nc3.} ({Predecessor:} 6. Bg5 c6 7. Bxf6 gxf6 8. e3 Bd7 9. Bd3 Na6 10. a3 Nc7 11. Nd2 b5 12. c5 {1-0 (42) Brodowski,P (2421)-Tymrakiewicz,R (2294) Krakow 2012}) 6... Be7 7. Bf4 O-O 8. e3 {White is slightly better.} Ne4 9. Nxe4 (9. Nb5 {with more complications.} Na6 10. a3 c6 11. Nd6 g5 12. Be5) 9... fxe4 10. Ne5 Nd7 11. O-O-O Bg5 12. Bg3 Bh4 13. f3 Bxg3 14. hxg3 Nxe5 15. dxe5 Qg5 (15... c6 $11) 16. f4 $1 $14 {[%cal Rf4g5]} Qe7 17. Kb1 Bd7 18. Be2 a5 19. Rd4 ({Better is} 19. g4 $14) 19... a4 20. a3 Ra5 21. Rc1 Rfa8 22. Rb4 {[%cal Bd4b4,Bb4b6,Bb6d6][%mdl 32]} b6 23. cxb6 c5 24. b7 Rb8 $1 25. Rb6 {Threatens to win with Qc3.} c4 $1 26. Bxc4 Rc5 $1 {[%cal Rc5c4][%mdl 64] [#] Pin} 27. Ba6 Rxc2 28. Rxc2 h6 29. Rd6 {Strongly threatening Rc7.} Rxb7 (29... Be8 $1 $11 {keeps the balance.} 30. f5 (30. Rc8 Rxb7 31. Bxb7 Qxb7 $11) 30... exf5) 30. Bxb7 $16 {And now Rc7 would win.} Bb5 31. Ba6 Bxa6 32. Rxa6 {[%mdl 4096] Endgame KQ-KRR} Qe8 {[#]} 33. Rb6 $2 (33. f5 $1 $18) 33... d4 $1 $11 {The position is equal.} 34. Rd6 d3 35. Rc4 Qh5 $1 36. Rxe4 Qd1+ 37. Ka2 d2 {Hoping for ...Qb3+.} 38. Red4 Qb3+ {[%mdl 64] Double Attack} 39. Kb1 Qd1+ 40. Ka2 Qb3+ {[%mdl 64] Double Attack} 41. Kb1 {Weighted Error Value: White=0.16/Black=0.09} 1/2-1/2

[Event "XXVII RUS-chT Premier 2020"]
[Site "Sochi"]
[Date "2020.11.23"]
[Round "5.12"]
[White "Ter-Saakian, Grigorii"]
[Black "Askerov, Marat"]
[Result "0-1"]
[WhiteElo "2296"]
[BlackElo "2338"]
[Annotator "TA"]
[PlyCount "69"]
[EventDate "2020.11.19"]
[EventType "team-tourn"]
[EventCountry "RUS"]
[SourceTitle "playchess.com"]
[Source "ChessBase"]
[SourceQuality "1"]

{[%evp 9,69,-16,0,-35,0,-9,7,6,5,0,0,0,0,-10,-8,-13,-17,-20,-15,-62,-45,-66,-61,-64,-30,-27,-25,-63,-58,-55,-48,-79,-75,-78,-78,-91,-92,-89,-87,-91,-85,-79,-89,-124,-130,-161,-142,-145,-145,-232,-197,-483,-323,-307,-297,-604,-604,-935,-925,-799,-643,-1177]} 1. e4 c6 2. e5 d5 3. c4 Bf5 4. Qb3 Qb6 5. d4 e6 {[#]} ({Wrong is} 5... Qxd4 $2 6. Qxb7 Qb6 7. Qxa8 $18) 6. Nc3 $146 {[%cal Rc4d5] B10: Caro-Kann: 2 d3 and 2 c4.} (6. c5 {with more complications.} Qxb3 7. axb3 Nd7 8. b4 f6 9. exf6 Ngxf6 10. Nf3) ({Predecessor:} 6. c5 Qxb3 7. axb3 Bxb1 8. Rxb1 b5 9. b4 Ne7 10. Bd3 Na6 11. Bd2 Nc7 12. Ne2 Nf5 {1-0 (45) Sargsjan,K (1891)-Horyna,J (1922) Plzen 2010}) 6... dxc4 7. Bxc4 Qxb3 8. Bxb3 {The position is equal.} Na6 9. Nge2 Ne7 10. Be3 Nc7 11. O-O Ned5 12. Rac1 Be7 13. Ng3 Bg6 14. Nce4 h5 15. Nc5 h4 16. Ne2 b6 17. Na4 $1 Kd7 18. Rfd1 Nxe3 19. fxe3 Nd5 $36 {[%mdl 2048] Black is pushing.} 20. Bxd5 cxd5 {Black converts the advantage convincingly.} 21. Nac3 Rac8 22. Kf2 f6 23. Nf4 Bf5 24. exf6 gxf6 25. Nce2 Rcg8 26. a4 Bd6 27. Nc3 Rg4 28. h3 Rg3 29. a5 (29. Nce2 $17 {might work better.} Rgg8 30. Rg1) 29... bxa5 30. Nb5 $2 {[#]} (30. Nce2 Rgg8 31. Ra1) 30... Rb8 31. Nxd6 Rxb2+ 32. Ne2 $2 (32. Kf1 Kxd6 33. Rc5) 32... Kxd6 $19 {Black is clearly winning.} 33. Kf1 Rxe3 34. Nf4 Re4 35. Nh5 {Weighted Error Value: White=0.50/Black=0.15} 0-1

[Event "XXVII RUS-chT Premier 2020"]
[Site "Sochi"]
[Date "2020.11.23"]
[Round "5.13"]
[White "Andreikin, Dmitry"]
[Black "Dubov, Daniil"]
[Result "1/2-1/2"]
[WhiteElo "2726"]
[BlackElo "2699"]
[Annotator "TA"]
[PlyCount "81"]
[EventDate "2020.11.19"]
[EventType "team-tourn"]
[EventCountry "RUS"]
[SourceTitle "playchess.com"]
[Source "ChessBase"]
[SourceQuality "1"]

{[%evp 23,81,56,49,36,50,0,0,0,18,0,0,0,0,-6,-42,-74,-57,-110,-108,-100,-104,-103,-103,-87,-96,-99,-106,-166,-166,-163,-164,-164,-164,-165,-162,-185,-162,-156,0,0,0,0,0,0,0,0,0,0,0,0,0,0,0,0,0,0,0,0,0,0]} 1. d4 Nf6 2. c4 e6 3. Nc3 c5 4. d5 exd5 5. cxd5 d6 6. e4 g6 7. Nf3 a6 8. a4 Bg4 9. Be2 Bxf3 10. Bxf3 Bg7 11. Bf4 O-O 12. O-O Ne8 13. Bg4 {A75: Modern Benoni: Classical: 9...a6 10 a4 Bg4.} Nd7 14. Bxd7 Qxd7 15. Re1 {[#]} Rb8 $146 ({Predecessor:} 15... Nc7 16. a5 Rae8 17. Na4 f5 18. Nb6 Qd8 19. e5 Nb5 20. e6 Bxb2 21. Nd7 g5 {0-1 (54) Arencibia Rodriguez,W (2519)-Hevia Alejano,C (2332) Havana 2009}) 16. h3 b5 17. axb5 axb5 18. Ra6 b4 19. Na4 Qb5 $1 {[%cal Rb5a6]} 20. Rc6 ({Don't blunder} 20. Bxd6 $2 Nxd6 21. Rxd6 b3 $19) (20. Ra7 $15) 20... b3 $17 21. Nxc5 dxc5 22. Bxb8 Qxb8 23. Rxc5 Bxb2 24. Re3 Qa7 $1 $36 {[%cal Ra7c5][%mdl 2048] Keeping White busy.} 25. Rc8 {[#]} (25. Rc6 $17) 25... Bd4 $1 $19 {[%cal Rd4e3]} 26. Rxb3 Bxf2+ 27. Kh1 Nd6 28. Rxf8+ Kxf8 29. e5 Ne4 {And now ...Bg3 would win.} 30. d6 {[#]} Bg3 $2 (30... Bh4 $1 $17 {Hoping for ...Nf2+.} 31. Kh2 Qc5) 31. Rf3 $1 $11 {d7 is the strong threat.The position is equal.} Nf2+ ({But not} 31... Bxe5 $6 32. d7 $16) 32. Rxf2 $1 Qxf2 (32... Bxf2 $5 33. d7 $8 Bh4 34. d8=Q+ Bxd8 35. Qxd8+ Kg7 $11) 33. d7 Bh4 {Strongly threatening ...Bd8.} 34. d8=Q+ Bxd8 35. Qxd8+ {[%mdl 4096] Endgame KQ-KQ} Kg7 36. Qd5 h5 37. Qe4 Qb6 38. Qf4 Kf8 39. Kh2 Ke7 40. Qg5+ Kd7 41. Qf4 {And White is the lucky defender.  Weighted Error Value: White=0.09/Black=0.11} 1/2-1/2

[Event "XXVII RUS-chT Premier 2020"]
[Site "Sochi"]
[Date "2020.11.23"]
[Round "5.15"]
[White "Rublevsky, Sergei"]
[Black "Paravyan, David"]
[Result "0-1"]
[WhiteElo "2653"]
[BlackElo "2654"]
[Annotator "TA"]
[PlyCount "192"]
[EventDate "2020.11.19"]
[EventType "team-tourn"]
[EventCountry "RUS"]
[SourceTitle "playchess.com"]
[Source "ChessBase"]
[SourceQuality "1"]

{[%evp 23,192,0,12,-12,0,5,4,-6,0,-82,-97,-86,-92,-118,-93,-92,-96,-92,-91,-91,-92,-99,-79,-61,-52,-82,-83,-83,-83,-83,-83,-83,-85,-83,-78,-80,-80,-80,-76,-81,-81,-106,-100,-100,-88,-95,-59,-59,-34,-59,-59,-59,-59,-59,-59,-59,-59,-106,-59,-74,-74,-74,-74,-74,-74,-74,-74,-74,-74,-74,-74,-74,-74,-74,-55,-55,-55,-55,-55,-55,-55,-55,-55,-62,-55,-55,-55,-55,-55,-55,-55,-55,0,0,0,0,0,0,0,0,0,0,0,0,0,0,0,-13,0,0,0,-28,0,-57,0,0,0,0,0,0,0,0,0,0,0,0,0,0,0,0,0,0,0,0,0,0,0,0,0,0,0,0,0,0,0,0,0,0,0,0,0,0,0,0,0,0,0,0,0,0,0,0,0,-29971,-8,-27,-41,-29972,-39,-29983,-29984]} 1. e4 c5 2. Nc3 Nc6 3. Nf3 g6 4. d4 cxd4 5. Nxd4 Bg7 6. Nb3 Nf6 7. Be2 O-O 8. O-O d6 9. Re1 a6 10. Bf1 b5 11. Bg5 h6 12. Bh4 Bb7 {has lost popularity (12...Nd7).} 13. Nd5 {B70: Sicilian Dragon: 6 g3 and 6 Be2 (without a later Be3).} g5 14. Bg3 Nxd5 15. exd5 {The position is equal.} Nb4 16. c4 (16. h4 $11 {keeps the balance.}) 16... bxc4 $1 $17 17. Bxc4 Rc8 $36 {[%cal Ba8c8,Bc8c4,Bc4c2][%mdl 2080] Black is really pushing.} ({But not} 17... Bxb2 $6 18. Rb1 $11) 18. Qe2 {[#]} Nc2 $146 {[%mdl 512]} ({Predecessor:} 18... Bxd5 19. Bxd5 Nxd5 20. Rad1 e6 21. Qxa6 Ra8 22. Qc6 Rxa2 23. Bxd6 Qa8 24. Qc4 Rc8 {0-1 (39) Lubbe,M (2344)-Wendel,S (2257) Germany 2012}) 19. Qxc2 Bxd5 $1 {[%mdl 64] Pin} 20. Nd2 Bxc4 21. Nxc4 d5 22. Qa4 {Ne5 is the strong threat.} Rxc4 23. Qxa6 e6 24. b3 {[#]} Rc2 $1 25. Qd3 Qc8 26. Be5 {[#]} Qc5 $1 {[%mdl 512]} 27. Re2 Rc1+ 28. Re1 Rxe1+ 29. Rxe1 Bxe5 30. Rxe5 {[%mdl 4096] Endgame KQR-KQR} Qc1+ 31. Qf1 Rc8 32. g3 d4 33. Re1 Qc2 34. Qe2 Qf5 {And now ...Rc2 would win.} 35. Qe4 Qa5 $1 36. Rd1 Qxa2 37. Rxd4 Qxb3 38. h4 Qb5 39. hxg5 hxg5 40. Qd3 Qe5 {Threatens to win with ...Rc1+.} 41. Rd8+ Rxd8 42. Qxd8+ {KQ-KQ} Kg7 43. Qe7 Qf5 44. Qe8 Qb1+ 45. Kg2 Qe4+ 46. Kg1 Qf5 47. Kg2 Qd5+ 48. Kg1 e5 49. Qc8 e4 50. Qc3+ Kg6 51. Qc8 Kh7 52. Kh2 Qe5 53. Kg2 e3 54. fxe3 Qxe3 55. Qc2+ Kh6 56. Qb2 Kg6 57. Qc2+ f5 (57... Kf6 $15) 58. Qd1 $11 Qe6 59. Qd2 Kh5 60. Qd1+ Kh6 61. Qd2 {Cut Off at move 61} Kg6 62. Kh2 Qb6 63. Kg2 Qc6+ 64. Kh2 $1 Qf3 65. Qe1 Kf7 (65... Qe4 {looks sharper.} 66. Qd1 Qe5 67. Kg2 Kh6 68. Qd2 Kh5) 66. Qd2 Kg6 67. Qe1 Qc6 (67... Qe4 {feels hotter.} 68. Qd2 Qe7 69. Kg1 Kf6 70. Qc3+ Kf7) 68. Qd2 g4 (68... Kh6 $15) 69. Qd4 Qe6 70. Qb2 Qe3 71. Qc2 Qe4 72. Qd2 Qe5 73. Qc2 Kf6 74. Qc6+ Qe6 75. Qc3+ Ke7 76. Qc7+ Qd7 77. Qe5+ Kf7 78. Qb2 Qd3 79. Qe5 Qc2+ 80. Kg1 Qe4 81. Qd6 Qe7 82. Qb8 Ke6 83. Qb3+ Kf6 84. Qb8 Qe3+ 85. Kh2 Qd2+ 86. Kg1 Qd4+ 87. Kh2 {White threatens Qh8+ and mate.} Ke6 88. Qe8+ Kd5 {White must now prevent ...Qf2+.} 89. Qd7+ Ke4 90. Qe6+ Qe5 91. Qc4+ Ke3 92. Qc2 Qd5 93. Qc3+ $2 {[%mdl 8192] [#]} (93. Qf2+ $11 Kd3 94. Qf1+ Kc2 95. Qf2+ Kc3 96. Kg1) 93... Qd3 $2 (93... Ke2 $1 94. Qc8 Qd2 95. Kh1 Qe3 96. Qc2+ Ke1 97. Qb1+ Kf2 98. Qg1+ Ke2 99. Qh2+ Kf1 100. Qg2+ Ke1 101. Kh2 Qf2 102. Kh1 Qxg2+ 103. Kxg2 Ke2 104. Kg1 Kf3 105. Kf1 Kxg3 106. Ke2 f4 107. Kd3 f3 108. Ke3 f2 109. Ke2 Kg2 110. Kd3 g3 111. Ke4 Kh2 112. Kf3 f1=Q+ 113. Ke4 g2 114. Ke3 g1=Q+ 115. Ke4 Qc4+ 116. Ke5 Qg7+ 117. Kf5 Qcg4#) 94. Qe5+ Kd2 {( -> ...Qe2+)} 95. Qb2+ $2 {[%mdl 8192]} (95. Qb8 $15 Ke1 96. Qc7 Qd2+ 97. Kg1) 95... Ke1 $2 (95... Qc2 {mates} 96. Qb8 Ke3+ 97. Kh1 Qd1+ 98. Kh2 Qd2+ 99. Kg1 Kf3 100. Qb7+ Kxg3 101. Qb3+ Kh4 102. Qb7 f4 103. Qg2 Qxg2+ 104. Kxg2 g3 105. Kf3 Kg5 106. Ke2 Kg4 107. Ke1 f3 108. Kf1 g2+ 109. Kf2 Kf4 110. Ke1 g1=Q+ 111. Kd2 f2 112. Kc2 f1=Q 113. Kc3 Qc5+ 114. Kb3 Qfb5+ 115. Ka2 Qa7#) 96. Qe5+ $2 {[%mdl 8192]} (96. Qb8 $15 Qe2+ 97. Kg1 Qe3+ 98. Kg2 Qd2+ 99. Kg1 Qe3+ 100. Kg2) 96... Qe2+ {Weighted Error Value: White=0.07/Black=0.06} 0-1

[Event "XXVII RUS-chT Premier 2020"]
[Site "Sochi"]
[Date "2020.11.23"]
[Round "5.16"]
[White "Antipov, Mikhail Al."]
[Black "Zvjaginsev, Vadim"]
[Result "1/2-1/2"]
[WhiteElo "2607"]
[BlackElo "2602"]
[Annotator "TA"]
[PlyCount "80"]
[EventDate "2020.11.19"]
[EventType "team-tourn"]
[EventCountry "RUS"]
[SourceTitle "playchess.com"]
[Source "ChessBase"]
[SourceQuality "1"]

{[%evp 14,80,62,52,66,53,54,57,68,37,24,21,31,25,28,10,12,10,12,27,25,0,0,0,89,0,0,0,0,0,0,0,0,0,0,0,0,0,0,0,0,0,12,0,0,0,0,0,0,0,0,0,0,0,0,0,0,0,0,0,0,0,0,0,0,0,0,0,0]} 1. e4 c5 2. Nf3 e6 3. d4 cxd4 4. Nxd4 a6 5. c4 Nf6 6. Nc3 {[%cal Bb1c3,Bc3a4,Ba4b6][%mdl 32]} Qc7 7. a3 {7.Be2 gains popularity.} b6 8. Be3 Bb7 {B41: Sicilian: Kan Variation: 5 c4.} 9. f3 Nc6 10. Rc1 Bc5 {[#] White is slightly better.} 11. Na4 $146 ({Predecessor:} 11. Qd2 O-O 12. Be2 Rac8 13. b4 Bxd4 14. Bxd4 Nxd4 15. Qxd4 d6 16. O-O Rfd8 17. Rfd1 {1-0 (33) Ponomariov,R (2694)-Fedorchuk,S (2648) Riadh 2017}) 11... Nxd4 12. Bxd4 Bxd4 13. Qxd4 b5 14. Nb6 Rb8 $1 15. e5 Nd5 16. Nxd5 Bxd5 17. Kd2 Rc8 {[%cal Rb5c4]} 18. c5 f6 (18... O-O $11 {remains equal.}) 19. Bd3 (19. exf6 $16 gxf6 20. Qxf6) 19... fxe5 $11 {The position is equal.} 20. Qh4 {[#]} e4 $1 {[%mdl 512]} 21. fxe4 (21. Bxe4 Bxe4) 21... Bc4 {And now ...Qe5 would win.} 22. Rhf1 {Qg5 is the strong threat.} Qe5 23. b4 Qb2+ 24. Rc2 Qxa3 25. Bxc4 bxc4 26. Rxc4 {Black should prevent Qh5+.} Qb2+ 27. Kd3 a5 28. Rd4 {With the idea Qf4.} axb4 29. Qh5+ $1 g6 {[#]} 30. Qe5 $1 {[%mdl 512]} Qc3+ 31. Ke2 Qb2+ 32. Ke3 Qc3+ {[%mdl 64] Double Attack} 33. Ke2 Qb2+ 34. Ke3 Qc3+ {[%mdl 64] Double Attack} 35. Ke2 Qb2+ 36. Ke3 Qc3+ {[%mdl 64] Double Attack} 37. Ke2 Qb2+ 38. Ke3 Qc3+ {[%mdl 64] Double Attack} 39. Ke2 Qb2+ 40. Ke3 Qc3+ {[%mdl 64] Double Attack.  Weighted Error Value: White=0.08/Black=0.07} 1/2-1/2

[Event "XXVII RUS-chT Premier 2020"]
[Site "Sochi"]
[Date "2020.11.23"]
[Round "5.17"]
[White "Potkin, Vladimir"]
[Black "Yuffa, Daniil"]
[Result "1/2-1/2"]
[WhiteElo "2583"]
[BlackElo "2565"]
[Annotator "TA"]
[PlyCount "47"]
[EventDate "2020.11.19"]
[EventType "team-tourn"]
[EventCountry "RUS"]
[SourceTitle "playchess.com"]
[Source "ChessBase"]
[SourceQuality "1"]

{[%evp 25,47,-12,-31,-34,0,0,0,0,0,0,0,0,0,0,0,0,0,0,0,0,0,0,0,0]} 1. d4 Nf6 2. c4 g6 3. Nc3 Bg7 4. e4 d6 5. f4 O-O 6. Nf3 c5 7. d5 e6 8. Be2 exd5 9. cxd5 Re8 10. e5 dxe5 11. fxe5 Ng4 12. e6 fxe6 13. d6 Rf8 {Recently 13...Nc6 got a lot of attention.} 14. O-O {A69: Modern Benoni: Four Pawns Attack with 9...Re8.} Nc6 15. Bg5 {The position is equal.} Bd4+ 16. Nxd4 Qxg5 17. Rxf8+ Kxf8 18. Qf1+ {[#]} (18. Nxc6 {leads to mate.} Qe3+ 19. Kh1 Nf2+ 20. Kg1 Nxd1+ 21. Kh1 Nf2+ 22. Kg1 {[#]} Nh3+ $1 {[%mdl 512]} 23. Kh1 Qg1+ $1 {[%mdl 512]} 24. Rxg1 Nf2#) 18... Kg7 $146 ({Predecessor:} 18... Kg8 19. Nxc6 Qe3+ 20. Kh1 Nf2+ 21. Kg1 Nd1+ 22. Kh1 Nf2+ {½-½ (22) Benes,J (2217)-Cvak,R (2353) ICCF email 2017}) 19. Nxc6 Qe3+ 20. Kh1 Nf2+ 21. Kg1 Nh3+ {[%mdl 64] Discovered Attack (Double check)} 22. Kh1 Nf2+ 23. Kg1 Nh3+ {[%mdl 64] Discovered Attack (Double check)} 24. Kh1 {An uneventful encounter.  Weighted Error Value: White=0.00/Black=0.04} 1/2-1/2

[Event "XXVII RUS-chT Premier 2020"]
[Site "Sochi"]
[Date "2020.11.23"]
[Round "5.18"]
[White "Kryakvin, Dmitry"]
[Black "Kornev, Alexei"]
[Result "1-0"]
[WhiteElo "2577"]
[BlackElo "2515"]
[Annotator "TA"]
[PlyCount "81"]
[EventDate "2020.11.19"]
[EventType "team-tourn"]
[EventCountry "RUS"]
[SourceTitle "playchess.com"]
[Source "ChessBase"]
[SourceQuality "1"]

{[%evp 15,81,20,31,25,14,0,24,7,19,0,30,39,50,27,27,0,26,-48,-48,-60,-8,-5,-12,-8,-14,-15,17,20,10,15,18,18,15,0,82,82,103,96,95,88,88,44,46,45,44,36,48,49,40,34,87,53,245,264,253,249,467,477,495,490,482,478,456,456,789,789,789,789]} 1. c4 e6 2. Nc3 d5 3. d4 Nf6 4. Bg5 Be7 5. Nf3 O-O 6. Qc2 h6 7. Bh4 Nbd7 {[%cal Bb8d7,Bd7c5,Bc5e4][%mdl 32] 7...c5 is setting a new trend.} 8. e3 c5 9. dxc5 {D61: Queen's Gambit Declined: Classical: 7 Qc2.} Nxc5 10. Rd1 Qa5 11. Nd2 {White has an edge.} Rd8 12. a3 {Threatens to win with cxd5.} g5 13. Bg3 {Hoping for b4.} Nce4 14. Nb3 Qb6 {[#]} 15. Be5 $146 ({Predecessor:} 15. Nxe4 Nxe4 16. cxd5 Nxg3 17. hxg3 exd5 18. Be2 Bd7 19. Nd4 Rac8 20. Qd2 a5 21. O-O Bf6 22. Rc1 Kg7 {½-½ (22) Brglez,F-Keglevic,P Yugoslavia 1981}) 15... Bd7 16. Bd4 (16. h4 $11 Nxc3 17. c5) 16... Qc7 $1 $15 17. Bd3 e5 (17... Rac8 $15 18. Bxe4 Nxe4 19. cxd5 exd5) 18. Nxd5 $11 Nxd5 19. cxd5 Qxc2 20. Bxc2 exd4 21. Bxe4 dxe3 22. fxe3 Ba4 23. Rd3 Rac8 24. Kd2 Bf6 (24... Bb5 $11) 25. Nd4 $16 Bd7 26. Rf1 Be5 27. h3 Rc5 28. Rc1 Rxc1 29. Kxc1 Kf8 30. g4 h5 31. gxh5 Bxh3 32. h6 Ke7 ({Black should try} 32... g4 $14) 33. h7 g4 $2 {[#] This move loses the game for Black.} (33... Rh8 $14) 34. d6+ $1 $18 {[%mdl 576] Discovered Attack} Kf6 (34... Rxd6 35. Nf5+) 35. Bxb7 g3 $2 (35... Bxd4 36. Rxd4 Kg7) 36. Nc6 {White is clearly winning.} g2 37. Rd1 Rh8 {aiming for ...Bh2.} 38. Nxe5 Kxe5 {[#]} 39. Bxg2 $1 {[%mdl 576] Promotion} Bxg2 (39... Bd7 $142 40. Rd5+ Ke6) 40. d7 Bd5 41. Rg1 {Weighted Error Value: White=0.11/Black=0.35} 1-0